L'architecture des Cours constitutionnnelles et suprêmes des Etats membres de l'Union européenne aperçus photographiques : catalogue de l'exposition

Αποθηκεύτηκε σε:
Λεπτομέρειες βιβλιογραφικής εγγραφής
Συγγραφή απο Οργανισμό/Αρχή: Court of Justice of the European Communities
Μορφή: Βιβλίο
Γλώσσα:French
Multiple
Δημοσίευση: [Luxembourg] : Cour de Justice des Communautés Européennes, 2009.
Θέματα:
Ετικέτες: Προσθήκη ετικέτας
Δεν υπάρχουν, Καταχωρήστε ετικέτα πρώτοι!

MARC

LEADER 00000cam a2200000 a 4500
001 1/125427
008 220927s2009####lu | ||| |||| ||fre||
020 |a 9789282909386 
040 |a GR-MyUa  |b gre  |c GR-MyUa  |e AACR2 
041 0 |a mul 
082 7 |a 341.55   |2 (23)  
110 2 |a Court of Justice of the European Communities. 
245 1 3 |a L'architecture des Cours constitutionnnelles et suprêmes des Etats membres de l'Union européenne aperçus photographiques : catalogue de l'exposition /   |c Cour de Justice des Communautés Européennes.  
260 |a [Luxembourg] :   |b Cour de Justice des Communautés Européennes,   |c 2009.  
300 |a 133 σ. :   |b εγχρωμ. εικ. ;   |c 26 εκ.  
650 0 |a Historic buildings  |v Pictorial works. 
610 2 0 |a Court of Justice of the European Communities. 
970 |a Σιδερή   |b Νεκταρία   |z 2022/09/27